00000000nam 2200000zi 4500
0019.945844
003CaOODSP
00520250403102726
006m     o  d f      
007cr mn|||||||||
008241203e20250124oncd    ob   f000 0 fre d
020 |a9780660747620
040 |aCaOODSP|bfre|erda|cCaOODSP
043 |an-cn---
0861 |aCS71-0031/2025-1F-PDF
24500|aRévisions apportées à l'Enquête sur la population active (EPA) en 2025.
264 1|a[Ottawa] : |bStatistique Canada = Statistics Canada, |c24 janvier 2025.
264 4|c©2025
300 |a1 ressource en ligne (23 pages) : |bgraphiques en couleur.
336 |atexte|btxt|2rdacontent/fre
337 |ainformatique|bc|2rdamedia/fre
338 |aressource en ligne|bcr|2rdacarrier/fre
4901 |aAméliorations apportées à l'Enquête sur la population active (EPA), |x1712-8110
500 |aPublié aussi en anglais sous le titre : The 2025 revisions of the Labour Force Survey (LFS).
500 |a« N° 71F0031-X au catalogue. »
504 |aComprend des références bibliographiques.
520 |a« Cet article est une introduction ainsi qu'une discussion sur les modifications apportées aux estimations de l'Enquête sur la population active en janvier 2025. Parmi ces modifications on retrouve notamment l'ajustement de toutes les estimations de l'EPA en fonction des chiffres de population basés sur le Recensement de 2021 et des mises à jour à la Classification géographique type (CGT) 2021 » -- Fourni par l'éditeur.
650 6|aMarché du travail|zCanada|xStatistiques.
650 6|aMarché du travail|zCanada|xStatistiques|xMéthodologie.
7102 |aStatistique Canada, |eorganisme de publication.
77508|tThe 2025 revisions of the Labour Force Survey (LFS).|w(CaOODSP)9.945843
795 |tRévisions apportées à l'Enquête sur la population active (EPA) en 2023.|w(CaOODSP)9.919132
830#0|aAméliorations apportées à l'Enquête sur la population active (EPA)|w(CaOODSP)9.501254
85640|qPDF|s675 Ko|uhttps://publications.gc.ca/collections/collection_2025/statcan/71f0031x2025001-fra.pdf
8564 |qHTML|sS.O.|uhttps://www150.statcan.gc.ca/n1/pub/71f0031x/71f0031x2025001-fra.htm